000 00429nam a2200121Ia 4500
008 220615s9999||||xx |||||||||||||| ||und||
100 _aMadhugiri Nageswara-Rao||Padmini Sudarshana||Jaya R. Soneji
245 0 _aTropical Forests - New Edition
546 _aEnglish[eng]
650 _aLife Sciences||Forestry Science||Environmental Sciences
856 _uhttps://www.intechopen.com/books/tropical-forests-new-edition
942 _cEB
999 _c17161
_d17161